[Event "Dhaka Metropolis op U2100"]
[Site "Dhaka"]
[Date "2022.10.21"]
[Round "5"]
[White "Shatadru Shovan, Dey"]
[Black "Prosenjit, Sarkar1111"]
[Result "1-0"]
[WhiteElo "1872"]
[BlackElo "1709"]
[PlyCount "99"]
[EventDate "2022.10.17"]
[EventType "swiss"]
[EventRounds "9"]
[EventCountry "BAN"]
[SourceTitle "EXT 2024"]
[Source "ChessBase"]
[SourceDate "2023.10.10"]
[SourceVersion "1"]
[SourceVersionDate "2023.10.10"]
[SourceQuality "1"]

1. d4 e6 2. Nf3 d5 3. Bf4 Nf6 4. e3 c5 5. c3 Nc6 6. Nbd2 Bd6 7. Bg3 0-0 8. Bd3 Re8 9. Ne5 cxd4 10. exd4 Bxe5 11. dxe5 Nd7 12. Nf3 Nf8 13. 0-0 Bd7 14. Qd2 Ne7 15. Qg5 Qb6 16. Rab1 Bb5 17. Rfd1 Bxd3 18. Rxd3 Qa6 19. Rbd1 Qxa2 20. Qh5 Neg6 21. R3d2 Qa5 22. Nd4 a6 23. f4 Qb6 24. Kh1 Rad8 25. f5 exf5 26. Nxf5 Nxe5 27. Bxe5 Rxe5 28. Nh6+ Qxh6 29. Qxe5 Ng6 30. Rxd5 Rf8 31. Qd6 Qe3 32. Qc5 Qe2 33. R5d2 Qe4 34. Rd8 Qe2 35. b4 h5 36. R8d2 Qg4 37. h3 Qh4 38. Kh2 Qf4+ 39. g3 Qf3 40. Rg1 h4 41. Rf2 Qe4 42. gxh4 Ne5 43. Rg3 Nd3 44. Qg5 g6 45. Rd2 Ne5 46. Rf2 Nd3 47. Rf1 Qe2+ 48. Kg1 Re8 49. h5 Re6 50. Qd8+ 1-0

[Event "Dhaka Metropolis op U2100"]
[Site "Dhaka"]
[Date "2022.10.20"]
[Round "4"]
[White "Sangram, Das"]
[Black "Shatadru Shovan, Dey"]
[Result "0-1"]
[WhiteElo "1640"]
[BlackElo "1872"]
[PlyCount "35"]
[EventDate "2022.10.17"]
[EventType "swiss"]
[EventRounds "9"]
[EventCountry "BAN"]
[SourceTitle "EXT 2024"]
[Source "ChessBase"]
[SourceDate "2023.10.10"]
[SourceVersion "1"]
[SourceVersionDate "2023.10.10"]
[SourceQuality "1"]

1. d4 e6 2. b3 Nf6 3. Bb2 b6 4. Nf3 Bb7 5. g3 d5 6. Bg2 Nbd7 7. Nbd2 Bd6 8. 0-0 0-0 9. c4 c5 10. e3 Rc8 11. Rc1 Bb8 12. Re1 Re8 13. Qe2 Ne4 14. Ne5 Nxe5 15. Nxe4 dxe4 16. dxe5 Ba6 17. Qg4 f5 18. Qd1 0-1

[Event "BAN-chT2"]
[Site "Dhaka"]
[Date "2022.07.25"]
[Round "8.3"]
[White "Shatadru Shovan, Dey"]
[Black "Ashutosh, Kumar"]
[Result "1-0"]
[WhiteElo "1892"]
[BlackElo "1938"]
[PlyCount "141"]
[EventDate "2022.07.18"]
[EventType "team-swiss"]
[EventRounds "9"]
[EventCountry "BAN"]
[SourceTitle "EXT 2023"]
[Source "ChessBase"]
[SourceDate "2022.10.05"]
[SourceVersion "1"]
[SourceVersionDate "2022.10.05"]
[SourceQuality "1"]
[WhiteTeam "Bangladesh Chess Arena"]
[BlackTeam "Sports Bangla"]
[WhiteTeamCountry "BAN"]
[BlackTeamCountry "BAN"]

1. d4 Nf6 2. Bf4 g6 3. Nc3 d5 4. Nf3 Bg7 5. Qd2 c6 6. Bh6 Bxh6 7. Qxh6 Bf5 8. Qd2 b5 9. Ne5 Nfd7 10. Nd3 Nb6 11. b3 N8d7 12. g3 a5 13. a4 b4 14. Nd1 Bxd3 15. Qxd3 0-0 16. Bg2 c5 17. dxc5 Nxc5 18. Qd4 Rc8 19. Ne3 Ne6 20. Qe5 d4 21. Ng4 h5 22. Nh6+ Kh7 23. Nxf7 Rxf7 24. Qxe6 Rf6 25. Qe5 Rxc2 26. Be4 Qc7 27. Qxd4 Rc1+ 28. Rxc1 Qxc1+ 29. Qd1 Qc3+ 30. Kf1 Rd6 31. Qb1 Qd2 32. Kg2 Qxe2 33. Re1 Qg4 34. Bf3 Qg5 35. h4 Qf6 36. Bxh5 Nd5 37. Bf3 Nc3 38. Qc2 Kg7 39. Qc1 Rd3 40. Re3 Rd6 41. Qe1 e6 42. Re5 Rd3 43. Bg4 Rd6 44. Bxe6 Rd1 45. Qe3 Rd3 46. Qxd3 Qxe5 47. Bc4 Ne4 48. Qd7+ Kh6 49. Qf7 Nf6 50. Qf8+ Kh7 51. Qa8 Qd4 52. Qxa5 Qe4+ 53. Kg1 Qe1+ 54. Bf1 Ne4 55. Qa7+ Kh8 56. Qb8+ Kg7 57. Qc7+ Kg8 58. Qd8+ Kh7 59. Qe7+ Kg8 60. Qd8+ Kf7 61. Qd4 Nd2 62. Qd3 Qd1 63. Kg2 Qc1 64. Qd5+ Kg7 65. Be2 Qc3 66. a5 Nxb3 67. a6 Nd4 68. a7 Nxe2 69. a8Q Qc1 70. Qag8+ Kf6 71. Qgf7# 1-0

[Event "BAN-chT2"]
[Site "Dhaka"]
[Date "2022.07.24"]
[Round "7.3"]
[White "Shatadru Shovan, Dey"]
[Black "Mahin, Ahmed Shuvo"]
[Result "1-0"]
[WhiteElo "1892"]
[BlackElo "1807"]
[PlyCount "56"]
[EventDate "2022.07.18"]
[EventType "team-swiss"]
[EventRounds "9"]
[EventCountry "BAN"]
[SourceTitle "EXT 2023"]
[Source "ChessBase"]
[SourceDate "2022.10.05"]
[SourceVersion "1"]
[SourceVersionDate "2022.10.05"]
[SourceQuality "1"]
[WhiteTeam "Bangladesh Chess Arena"]
[BlackTeam "Hamid Sports Academy"]
[WhiteTeamCountry "BAN"]
[BlackTeamCountry "BAN"]

1. d4 Nf6 2. e3 e6 3. f4 b6 4. Nf3 Bb7 5. Bd3 Be7 6. 0-0 0-0 7. Nbd2 d5 8. Ne5 c5 9. c3 Ne4 10. Nxe4 dxe4 11. Bc2 Nd7 12. Qh5 f5 13. Bb3 Bd5 14. Bxd5 exd5 15. Rd1 c4 16. Bd2 Rf6 17. Kh1 g6 18. Qh3 b5 19. g4 Bd6 20. Rg1 Kh8 21. g5 Rf8 22. Nxg6+ Kg8 23. Nxf8 Qxf8 24. g6 h6 25. g7 Qf6 26. Qh5 Kh7 27. Rg2 Qe6 28. Rag1 Qe8 1-0

[Event "BAN-chT2"]
[Site "Dhaka"]
[Date "2022.07.18"]
[Round "1.1"]
[White "Raju, Ahmed1111"]
[Black "Shatadru Shovan, Dey"]
[Result "0-1"]
[WhiteElo "1632"]
[BlackElo "1892"]
[PlyCount "66"]
[EventDate "2022.07.18"]
[EventType "team-swiss"]
[EventRounds "9"]
[EventCountry "BAN"]
[SourceTitle "EXT 2023"]
[Source "ChessBase"]
[SourceDate "2022.10.05"]
[SourceVersion "1"]
[SourceVersionDate "2022.10.05"]
[SourceQuality "1"]
[WhiteTeam "Manha's Castle"]
[BlackTeam "Bangladesh Chess Arena"]
[WhiteTeamCountry "BAN"]
[BlackTeamCountry "BAN"]

1. e4 e6 2. d4 d5 3. exd5 exd5 4. c4 Nf6 5. Nc3 Bb4 6. a3 Bxc3+ 7. bxc3 0-0 8. Nf3 Re8+ 9. Be2 Qe7 10. Bg5 Nbd7 11. cxd5 h6 12. Bxf6 Nxf6 13. Ra2 Nxd5 14. Qd2 Qf6 15. 0-0 Bg4 16. Re1 Rxe2 17. Rxe2 Bxf3 18. gxf3 Nf4 19. Kf1 Qg5 20. Qxf4 Qxf4 21. Kg2 Qg5+ 22. Kh1 Qc1+ 23. Kg2 Qg5+ 24. Kh1 Qc1+ 25. Kg2 Qxc3 26. Rac2 Qxa3 27. Rxc7 Qd3 28. Re4 b5 29. Rb7 a5 30. Ree7 b4 31. Rxf7 Qg6+ 32. Kf1 Qxf7 33. Rxf7 Kxf7 0-1

[Event "Dhaka Chowdhury Memorial op-B 2nd"]
[Site "Dhaka"]
[Date "2022.07.03"]
[Round "2"]
[White "Khondaker, Arafat"]
[Black "Shatadru Shovan, Dey"]
[Result "1-0"]
[WhiteElo "1716"]
[BlackElo "1892"]
[PlyCount "49"]
[EventDate "2022.07.02"]
[EventType "swiss"]
[EventRounds "9"]
[EventCountry "BAN"]
[SourceTitle "EXT 2023"]
[Source "ChessBase"]
[SourceDate "2022.10.05"]
[SourceVersion "1"]
[SourceVersionDate "2022.10.05"]
[SourceQuality "1"]

1. d4 Nf6 2. c4 g6 3. Nc3 d5 4. Nf3 Bg7 5. Bf4 0-0 6. e3 c6 7. Be2 dxc4 8. Bxc4 b5 9. Be2 Bb7 10. 0-0 a6 11. Rc1 Nbd7 12. Ne5 c5 13. Nxd7 Nxd7 14. dxc5 Nxc5 15. Qc2 Qb6 16. Nxb5 axb5 17. Qxc5 Qxc5 18. Rxc5 Rxa2 19. Bxb5 Rxb2 20. Rfc1 Ra8 21. h3 e6 22. Bc6 Bxc6 23. Rxc6 Raa2 24. Rc8+ Bf8 25. Bh6 1-0

[Event "Dhaka Chowdhury Memorial op-B 2nd"]
[Site "Dhaka"]
[Date "2022.07.02"]
[Round "1"]
[White "Shatadru Shovan, Dey"]
[Black "Syed, Mahabubur Rashid"]
[Result "1-0"]
[WhiteElo "1892"]
[BlackElo "1614"]
[PlyCount "159"]
[EventDate "2022.07.02"]
[EventType "swiss"]
[EventRounds "9"]
[EventCountry "BAN"]
[SourceTitle "EXT 2023"]
[Source "ChessBase"]
[SourceDate "2022.10.05"]
[SourceVersion "1"]
[SourceVersionDate "2022.10.05"]
[SourceQuality "1"]

1. d4 d6 2. c4 Nf6 3. Nc3 g6 4. e4 Bg7 5. f3 c6 6. Be3 Be6 7. Bd3 Bd7 8. Nge2 e5 9. d5 0-0 10. 0-0 Nh5 11. g4 Nf6 12. Kh1 c5 13. Rg1 Na6 14. Qd2 Nb4 15. Bb1 Rb8 16. a3 Na6 17. Bd3 Nc7 18. b4 b6 19. b5 a6 20. bxa6 Nxa6 21. Rgb1 h5 22. h3 hxg4 23. hxg4 Nxg4 24. fxg4 Qh4+ 25. Kg2 Qxg4+ 26. Kf1 Bf6 27. Ke1 Nc7 28. Kd1 b5 29. cxb5 Na8 30. Bc4 Nb6 31. Qd3 Kg7 32. Kc2 Rh8 33. Rg1 Qh3 34. Rg3 Qh2 35. a4 Rh3 36. Rxh3 Qxh3 37. Kb3 g5 38. a5 Nxc4 39. Kxc4 Bd8 40. b6 f5 41. exf5 Bxf5 42. Ne4 Bxe4 43. Qxe4 Qc8 44. Kd3 Qa6+ 45. Kd2 Bxb6 46. Qa4 Bxa5+ 47. Qxa5 Rb2+ 48. Kc3 Qxe2 49. Qc7+ Kg6 50. Qxd6+ Kf5 51. Rf1+ Ke4 52. Qg6+ Kxe3 53. Qxg5+ Ke4 54. Qf5+ Kxd5 55. Rd1+ Qxd1 56. Qd7+ Ke4 57. Qxd1 Rb4 58. Qe2+ Kd5 59. Qf3+ e4 60. Qf5+ Kd6 61. Qf6+ Kd5 62. Kd2 Rd4+ 63. Ke2 Kc4 64. Ke3 Kd5 65. Qd8+ Kc4 66. Qb6 Kd5 67. Qb3+ Kd6 68. Kf4 Rb4 69. Qc3 Rd4 70. Kf5 Kd5 71. Qb3+ Kc6 72. Ke5 Rb4 73. Qe6+ Kb5 74. Kd6 Rd4+ 75. Kc7 Rb4 76. Qc6+ Kc4 77. Qxe4+ Kc3 78. Qe5+ Kb3 79. Qe3+ Kc4 80. Kc6 1-0

[Event "Dhaka Al Mahmud Memorial"]
[Site "Dhaka"]
[Date "2022.02.10"]
[Round "6"]
[White "Abdul, Momin"]
[Black "Shatadru Shovan, Dey"]
[Result "1/2-1/2"]
[WhiteElo "1949"]
[BlackElo "1803"]
[PlyCount "131"]
[EventDate "2022.02.05"]
[EventType "swiss"]
[EventRounds "9"]
[EventCountry "BAN"]
[SourceTitle "CBM 206 Extra"]
[Source "ChessBase"]
[SourceDate "2022.03.31"]
[SourceVersion "1"]
[SourceVersionDate "2022.03.31"]
[SourceQuality "1"]

1. e4 e6 2. d4 d5 3. exd5 exd5 4. Be3 Nf6 5. Ne2 Bd6 6. g3 Bf5 7. Bg2 0-0 8. Nd2 Nc6 9. a3 Ng4 10. Bxd5 Nxe3 11. fxe3 Bxg3+ 12. Nxg3 Qxd5 13. e4 Rae8 14. Nxf5 Qxf5 15. c3 Qf4 16. Qe2 f5 17. 0-0-0 fxe4 18. Rdf1 Qh6 19. Rxf8+ Rxf8 20. Qxe4 Kh8 21. Kc2 Qh5 22. Re1 h6 23. d5 Nb8 24. Qe7 Rg8 25. Qe5 Qg6+ 26. Kc1 Na6 27. b4 Qd3 28. Re3 Qb5 29. c4 Qd7 30. Qe6 Qd8 31. Qe7 Qc8 32. Re6 Nb8 33. Qh4 Re8 34. Qd4 Kg8 35. Rxe8+ Qxe8 36. Qxa7 Nd7 37. Qxb7 Qe5 38. Qc8+ Nf8 39. Qh3 Qa1+ 40. Kc2 Qa2+ 41. Kd1 Qa1+ 42. Kc2 Qe5 43. Kd3 Qa1 44. Ke4 Ng6 45. Qc8+ Kh7 46. Qxc7 Qe1+ 47. Kd3 Ne5+ 48. Kc2 Qe2 49. h4 Qd3+ 50. Kd1 Ng4 51. Qe7 Ne3+ 52. Ke1 Nc2+ 53. Kd1 Ne3+ 54. Ke1 Nc2+ 55. Kf2 Qxd2+ 56. Kg3 Qd3+ 57. Kf4 Qf1+ 58. Ke5 Qe2+ 59. Kd6 Qxc4 60. Qe5 Nxa3 61. Qf5+ Kg8 62. Ke7 Qxb4+ 63. d6 Qxh4+ 64. Ke8 Nc4 65. Qf8+ Kh7 66. Qf5+ 1/2-1/2

[Event "Dhaka Al Mahmud Memorial"]
[Site "Dhaka"]
[Date "2022.02.08"]
[Round "4"]
[White "Ahmed, Walijah"]
[Black "Shatadru Shovan, Dey"]
[Result "1-0"]
[WhiteElo "1953"]
[BlackElo "1803"]
[PlyCount "56"]
[EventDate "2022.02.05"]
[EventType "swiss"]
[EventRounds "9"]
[EventCountry "BAN"]
[SourceTitle "CBM 206 Extra"]
[Source "ChessBase"]
[SourceDate "2022.03.31"]
[SourceVersion "1"]
[SourceVersionDate "2022.03.31"]
[SourceQuality "1"]

1. e4 Nc6 2. Nf3 f5 3. exf5 d5 4. d4 Bxf5 5. Bb5 Nf6 6. 0-0 a6 7. Bxc6+ bxc6 8. Re1 e6 9. Nh4 Kf7 10. Qe2 Qd7 11. Nd2 Bd6 12. Ndf3 Bg4 13. Ng5+ Kf8 14. f3 Bf5 15. g4 Bg6 16. Nxe6+ Kg8 17. g5 Nh5 18. f4 Re8 19. f5 Bf7 20. Bd2 Bf4 21. Bb4 Bd6 22. Bxd6 Qxd6 23. Qg4 g6 24. Nc5 Ng7 25. Rxe8+ Nxe8 26. Re1 h6 27. fxg6 Bxg6 28. Re6 hxg5 1-0